| 000 | 00444nam a2200169Ia 4500 | ||
|---|---|---|---|
| 003 | OSt | ||
| 005 | 20260317114800.0 | ||
| 008 | 211028s2017 xx 000 0 und d | ||
| 040 | _cAIMIT LIBRARY | ||
| 041 | _aeng | ||
| 100 |
_aMulla, Zaiba; B S, Nausheeda. _g141726 _94813 |
||
| 110 |
_aSanthosh B. _94814 |
||
| 245 | _aCRM for Airline Industry / | ||
| 260 |
_aBangalore _c2017 |
||
| 710 |
_aWristcode Technologies _94815 |
||
| 942 |
_2ddc _cPRO |
||
| 999 |
_c217697 _d217697 |
||